000 00570nam a2200193Ia 4500
005 20250508152948.0
008 008 250505s9999 xx 000 0 hin d
037 _aTextual
040 _aFEDL
_beng
_cFEDL
041 _ahin
_2eng
084 _a371.4, HAN
_qFEDL
100 _aHangal Chand Narayan
_9762850
245 0 _aBasic shiksha : Ek Adhyan
260 _aVaranasi, India
_bSarvodya - Sahitya - Prakashan
300 _a71p.
650 _aEducational - Guidance and Counseling
_9756302
942 _cTEXL
_h371.4, HAN
999 _c1339854
_d1339854